| 000 | 00000nam##2200000za#4500 |
| 001 | 9.674287 |
| 003 | CaOODSP |
| 005 | 20210624224714 |
| 007 | cr ||||||||||| |
| 008 | 150407|2000||||xxc|||||o f|0| 0 eng|d |
| 020 | |a0-662-30156-0 |
| 040 | |aCaOODSP|beng |
| 041 | |aeng |
| 041 | |afre |
| 043 | |an-cn--- |
| 086 | 1 |aE2-241/2000-IN |
| 110 | 1 |aCanada.|bForeign Affairs and International Trade. |bCanadian Centre for Foreign Policy Development. |
| 245 | 14|aThe 2nd Annual Graduate Student Seminar: The Role of NGOs and Civil Society in Conflict and Humanitarian Efforts, April 30 - May 5, 2000 (Ottawa, Ontario) : |h[electronic resource]|bcompendium of papers |
| 260 | |aOttawa - Ontario : |bForeign Affairs and International Trade. |c[2000]. |
| 300 | |a232p.|bmaps |
| 504 | |aBibliography. |
| 546 | |aBiography and abstracts in English and in French. Individual articles in their original language. |
| 546 | |aBiographies and abstracts in English and in French. Individual articles in their original languages. |
| 590 | |a10-06-Supp|b2010-07-26 |
| 690 | 07|aConflicts|2gcpds |
| 690 | 07|aHumanitarian aid|2gcpds |
| 690 | 07|aNongovernmental organizations|2gcpds |
| 776 | 0#|tDeuxième Séminaire annuel des étudiants diplômés: le rôle des ONG et de la société civile et les efforts humanitaires : |w(CaOODSP)9.662752 |
| 792 | |tDeuxième séminaire annuel des étudiants diplômés: le rôle des ONG et de la société civile et les efforts humanitaires, du 30 avril au 5 mai 2000 (Ottawa, Ontario) : |efre|w(CaOODSP)9.674288 |
| 856 | 40|ahttp://publications.gc.ca|qPDF|s921 KB|uhttps://publications.gc.ca/collections/Collection/E2-241-2000.pdf |
| 986 | |a1002.7E |